[Event "NRW-ch U14 Girls"]
[Site "Kranenburg"]
[Date "2009.04.14"]
[Round "3"]
[White "De Cauter, Hannah Katharina"]
[Black "Pilat, Angelice"]
[Result "0-1"]
[WhiteElo "1004"]
[BlackElo "1359"]
[PlyCount "130"]
[EventDate "2009.04.13"]
[EventType "swiss"]
[EventRounds "7"]
[EventCountry "GER"]
[SourceTitle "EXT 2010"]
[Source "ChessBase"]
[SourceDate "2010.11.25"]
[SourceVersion "1"]
[SourceVersionDate "2010.11.25"]
[SourceQuality "1"]

1. e4 e5 2. Nf3 Nc6 3. d4 f6 4. Bc4 Nge7 5. c3 d5 6. exd5 Nxd5 7. Qb3 Na5 8. Qa4+ c6 9. Bxd5 Qxd5 10. Nbd2 Be6 11. b3 e4 12. c4 Qf5 13. Nh4 Qg4 14. g3 Qh5 15. Nxe4 0-0-0 16. Be3 Bg4 17. 0-0 Bh3 18. Rfd1 Qg4 19. f3 Qh5 20. Rac1 Be7 21. Bf2 f5 22. Qxa5 Bxh4 23. Nd2 Qg6 24. d5 Bg5 25. Qxa7 Bxd2 26. Rxd2 Qd6 27. Bb6 Rde8 28. Rcd1 Qb8 29. Qxb8+ Kxb8 30. d6 f4 31. d7 Bxd7 32. Rxd7 Kc8 33. Rc7+ Kb8 34. Bf2 Kxc7 35. a4 Rd8 36. Rxd8 Rxd8 37. b4 fxg3 38. Bxg3+ Kc8 39. a5 Rd4 40. b5 Rxc4 41. a6 bxa6 42. bxa6 Ra4 43. Be5 Rxa6 44. Bxg7 c5 45. Bc3 Ra3 46. Bb2 Rb3 47. Bc1 c4 48. h4 Rb1 49. Kf2 Rxc1 50. Kg3 c3 51. f4 c2 52. Kg4 Rg1+ 53. Kf5 c1Q 54. h5 Qc5+ 55. Kf6 Rd1 56. f5 Rd6+ 57. Kg5 Rd5 58. Kf4 Rxf5+ 59. Kg3 Qc3+ 60. Kh4 Qd4+ 61. Kg3 Rf4 62. Kg2 Qd3 63. Kg1 Rf3 64. Kg2 Qe2+ 65. Kg1 Rf1# 0-1